Normal view MARC view

Entry Personal Name

Number of records used in: 1

001 - CONTROL NUMBER

  • control field: 53229

003 - CONTROL NUMBER IDENTIFIER

  • control field: OSt

005 - DATE AND TIME OF LATEST TRANSACTION

  • control field: 20250516170029.0

008 - FIXED-LENGTH DATA ELEMENTS

  • fixed length control field: 250516|| aca||aabn | a|a d

040 ## - CATALOGING SOURCE

  • Original cataloging agency: OSt
  • Transcribing agency: OSt

100 ## - HEADING--PERSONAL NAME

  • Personal name: Joshi, Heena Thanki and Dangi, Meghna

670 ## - SOURCE DATA FOUND

  • Source citation: Work cat.: (OSt)526389: Joshi, Heena Thanki and Dangi, Meghna , Are retail investors in emerging economies SRI ready?

Powered by Koha